Shri Nath Gopal (Record no. 363617)

MARC details
000 -LEADER
fixed length control field 003540000a22001570004500
005 - DATE AND TIME OF LATEST TRANSACTION
control field 20120302065006.0
040 ## - CATALOGING SOURCE
Original cataloging agency Mar
100 ## - MAIN ENTRY--PERSONAL NAME
Personal name Deshpande,D.V.
245 ## - TITLE STATEMENT
Title Shri Nath Gopal
250 ## - EDITION STATEMENT
Edition statement 1st
260 ## - PUBLICATION, DISTRIBUTION, ETC. (IMPRINT)
Place of publication, distribution, etc Satara:Shrinath Seva Mandal,1982.
300 ## - PHYSICAL DESCRIPTION
Extent 255p..-ill
365 ## - TRADE PRICE
Price amount 40/-
650 ## - SUBJECT ADDED ENTRY--TOPICAL TERM
Topical term or geographic name as entry element Nath gopal,Nath sampradaya
942 ## - ADDED ENTRY ELEMENTS (KOHA)
Koha item type Book
Holdings
Withdrawn status Lost status Damaged status Not for loan Home library Current library Date acquired Total Checkouts Barcode Date last seen Price effective from
        Institute For Oriental Study, Thane Institute For Oriental Study, Thane 12/02/2009   IOS-M 24672 12/02/2009 12/02/2009